Tous les Pokemon de type Vol (2G) - Statistiques

Statistiques générales
  • Ce quiz a été pris 12 fois
  • Le résultat moyen est 16 sur 19
Statistiques - réponses
Indices Réponses % Correct
Vol + Acier Airmure
100%
Vol + Feu Ho-Oh
100%
Vol + Psy Lugia
100%
Vol + Psy Natu
100%
Vol + Psy Xatu
100%
Vol + Plante Floravol
90%
Vol + Plante Granivol
90%
Vol + Normal Hoothoot
90%
Vol + Normal Noarfang
90%
Vol + Poison Nostenfer
90%
Vol + Ténèbres Cornèbre
80%
Vol + Plante Cotovol
80%
Vol + Sol Scorplane
80%
Vol + Fée Togetic
80%
Vol + Insecte Yanma
80%
Vol + Glace Cadoizo
70%
Vol + Insecte Coxy
70%
Vol + Insecte Coxyclaque
70%
Vol + Eau Démanta
70%
Aucun quiz correspondant
Distribution des résultats
% des personnes avec chaque résultat
Percentile par nombre de réponses
Votre historique - résultats
Vous n’avez pas pris ce quiz